LEADER 01069cam0 2200301 450 001 E600200014291 005 20051108090940.0 010 $a2728307172 100 $a20051108d2005 |||||ita|0103 ba 101 $afre 102 $aFR 200 1 $a<>marché de la terre au Moyen Age$fsous la direction de Laurent Feller$gChris Wickham 210 $aRome$cEcole Française de Rome$d2005 215 $aXII,670$d24 cm 225 2 $aCollection de l'École française de Rome$v350 300 $a(pd) 410 1$1001LAEC00021744$12001 $a*Collection de l'École française de Rome$v350 702 1$aFeller, Laurent$3A600200033368$4070 702 1$aWickham, Chris$3A600200033369$4070 801 0$aIT$bUNISOB$c20051108$gRICA 850 $aUNISOB 852 $aUNISOB$j900|Mar$m127462 912 $aE600200014291 940 $aM 102 Monografia moderna SBN 941 $aM 957 $b4346$gSi$d127462$racquisto$1diguida$2UNISOB$3UNISOB$420051108090706.0$520051108090754.0$6diguida$a900|Mar 996 $aMarché de la terre au Moyen Age$91672319 997 $aUNISOB LEADER 01078nas 2200421 c 450 001 9910145210403321 005 20260218112630.0 035 $a(DE-599)ZDB2388499-X 035 $a(OCoLC)1368918931 035 $a(DE-101)985769920 035 $a(CKB)1000000000262594 035 $a(DE-599)2388499-X 035 $a(EXLCZ)991000000000262594 100 $a20070920a19969999 |y | 101 0 $aeng 135 $aur||||||||||| 181 $ctxt$2rdacontent 182 $cc$2rdamedia 183 $acr$2rdacarrier 200 10$aHLG newsletter 210 31$aOxford$cBlackwell$d1996- 215 $aOnline-Ressource 300 $aGesehen am 30.06.20 311 08$a0266-853X 517 1 $aCILIP Health Libraries Group newsletter 517 1 $aNewsletter 517 1 $aHealth Libraries Group newsletter 608 $aZeitschrift$2gnd-content 676 $a070 676 $a020 676 $a610 801 0$b4002 801 1$bDE-101 801 2$b9999 906 $aJOURNAL 912 $a9910145210403321 996 $aHLG newsletter$94438618 997 $aUNINA